Strafverfahrensrecht ein Studienbuch

Guardat en:
Dades bibliogràfiques
Autor principal: Kern, Eduard (Autor)
Format: Llibre
Idioma:alemany
Publicat: Múnich C. H. Beck 1976
Edició:14a. ed
Matèries:
Etiquetes: Afegir etiqueta
Sense etiquetes, Sigues el primer a etiquetar aquest registre!

MARC

LEADER 00000nam a2200000 a 4500
001 UCS0253
003 CL-VaPUC
008 970418e19760000GW |||||||||||||||||ger|d
082 0 4 |a 345.05  |b KER  |2 21 
100 |a Kern, Eduard  |e author  |9 383493 
245 1 0 |a Strafverfahrensrecht ein Studienbuch 
250 |a 14a. ed 
300 |a 390 p 
942 |c BK 
945 |d 19970418 00:00:00  |a paguirre 
260 |a Múnich  |b C. H. Beck  |c 1976 
650 0 |a Procedimiento penal  |9 254974 
650 7 |a DERECHO PENAL  |2 CL-VaPUC  |9 11 
650 7 |a DELINCUENTES  |2 CL-VaPUC  |9 315465 
650 0 |a Teoría del derecho  |9 255982 
651 0 |a Alemania  |9 255688 
583 |a last modification  |c 19970418 00:00:00  |k Rodrigo Vera 
999 |c 258492  |d 258490 
952 |0 0  |1 0  |4 0  |6 345_050000000000000_KER_1976  |7 0  |8 A  |9 282647  |a BIBDER  |b BIBDER  |d 2019-11-19  |i 1832824  |o 345.05 KER 1976  |p 1832824  |r 2023-01-25  |w 2019-11-19  |y BK  |k DER